Cities with Most Tourists - Statistics

General Stats
  • This quiz has been taken 398 times
    356 since last reset
  • The average score is 14 of 20
Answer Stats
Tourist Arrivals City % Correct
16.0 Paris
98%
7.6 New York City
97%
16.9 London
96%
7.8 Rome
92%
9.7 Madrid
88%
7.5 Barcelona
86%
6.2 Beijing
84%
7.5 Shanghai
78%
11.1 Hong Kong
75%
12.2 Bangkok
71%
11.8 Singapore
70%
6.9 Amsterdam
69%
11.6 Istanbul
68%
7.1 Milan
65%
8.0 Seoul
65%
8.8 Dubai
56%
6.7 Toronto
51%
8.1 Kuala Lumpur
48%
5.4 Taipei
37%
8.1 Frankfurt
22%
No matching quizzes found
Score Distribution
Percent of People with Each Score
Percentile by Number Answered
Your Score History
You have not taken this quiz since the last reset